[Event "FRA-chT Top 16 GpA"]
[Site "Chartres"]
[Date "2022.06.12"]
[Round "4.4"]
[White "Tiviakov, Sergei"]
[Black "Saatdjian, Thomas"]
[Result "1-0"]
[WhiteElo "2570"]
[BlackElo "2267"]
[PlyCount "91"]
[EventDate "2022.06.09"]
[EventType "team-tourn"]
[EventRounds "7"]
[EventCountry "FRA"]
[SourceTitle "CBM 208 Extra"]
[Source "ChessBase"]
[SourceDate "2022.07.31"]
[SourceVersion "1"]
[SourceVersionDate "2022.07.31"]
[SourceQuality "1"]
[WhiteTeam "Chartres"]
[BlackTeam "US Villejuif Echecs"]
[WhiteTeamCountry "FRA"]
[BlackTeamCountry "FRA"]

1. e4 c5 2. c3 d5 3. exd5 Qxd5 4. d4 Nf6 5. Nf3 Bg4 6. dxc5 Qxc5 7. Be3 Qc7 8. h3 Bh5 9. Qa4+ Nbd7 10. Nbd2 e6 11. Nd4 Be7 12. Qc4 Qxc4 13. Nxc4 Nd5 14. Be2 Nxe3 15. Nxe3 Bxe2 16. Kxe2 0-0-0 17. Rhd1 a6 18. a4 Kc7 19. a5 Bc5 20. Ra4 Bxd4 21. Raxd4 Ne5 22. b4 Nc6 23. Rxd8 Rxd8 24. Rxd8 Kxd8 25. g4 f6 26. f4 Ke7 27. Kd3 g6 28. Nc4 Kd7 29. Nd2 f5 30. gxf5 exf5 31. Nb3 Kd6 32. Nd4 Ne7 33. c4 Ng8 34. Ne2 Ne7 35. c5+ Kd5 36. Nc3+ Ke6 37. Kc4 h6 38. h4 g5 39. fxg5 hxg5 40. hxg5 f4 41. b5 Ke5 42. g6 Nxg6 43. c6 axb5+ 44. Kc5 bxc6 45. a6 f3 46. Nd1 1-0

[Event "FRA-chT Top 16 GpA"]
[Site "Chartres"]
[Date "2022.06.10"]
[Round "2.4"]
[White "Van Foreest, Lucas"]
[Black "Tiviakov, Sergei"]
[Result "1/2-1/2"]
[WhiteElo "2553"]
[BlackElo "2570"]
[PlyCount "129"]
[EventDate "2022.06.09"]
[EventType "team-tourn"]
[EventRounds "7"]
[EventCountry "FRA"]
[SourceTitle "CBM 208 Extra"]
[Source "ChessBase"]
[SourceDate "2022.07.31"]
[SourceVersion "1"]
[SourceVersionDate "2022.07.31"]
[SourceQuality "1"]
[WhiteTeam "Tremblay en France"]
[BlackTeam "Chartres"]
[WhiteTeamCountry "FRA"]
[BlackTeamCountry "FRA"]

1. d4 Nf6 2. Bg5 d5 3. e3 c5 4. Bxf6 gxf6 5. dxc5 e6 6. Nf3 Nc6 7. Be2 Bxc5 8. 0-0 0-0 9. c4 dxc4 10. Qa4 Bd7 11. Qxc4 Be7 12. Rd1 Rc8 13. Nc3 Kh8 14. Rd2 Nb8 15. Qh4 Rg8 16. Rad1 a6 17. Ne4 f5 18. Qh5 f6 19. Nd6 Bxd6 20. Rxd6 Qe7 21. R6d2 Ba4 22. b3 Bc6 23. g3 Be8 24. Qh6 Nc6 25. Qf4 Rg7 26. h3 Rc7 27. Qh4 Rd7 28. e4 Rxd2 29. Rxd2 fxe4 30. Qxe4 Bd7 31. Nd4 Nxd4 32. Qxd4 Bc6 33. Qe3 Rg5 34. Bf3 Rc5 35. Bxc6 Rxc6 36. Qf3 Rc1+ 37. Kg2 Kg7 38. Rd4 Rc5 39. Qg4+ Kf8 40. Qd1 Ke8 41. b4 Rc7 42. a3 e5 43. Rd5 Rd7 44. Kf3 f5 45. Kg2 Kd8 46. Qd2 Rxd5 47. Qxd5+ Kc7 48. Qc4+ Kd7 49. Qd3+ Ke6 50. Qc4+ Kd7 51. Qd5+ Kc7 52. g4 fxg4 53. hxg4 Qf6 54. f3 h6 55. Kf2 Qb6+ 56. Ke2 Qb5+ 57. Qxb5 axb5 58. Ke3 Kd6 59. Ke4 Ke6 60. f4 exf4 61. Kxf4 Kf6 62. Ke4 Kg5 63. Kf3 Kg6 64. Ke4 Kg5 65. Kf3 1/2-1/2

[Event "NED-chT 2122"]
[Site "Netherlands"]
[Date "2022.05.21"]
[Round "5.2"]
[White "Tiviakov, Sergei"]
[Black "Zatonskih, Anna"]
[Result "1-0"]
[WhiteElo "2578"]
[BlackElo "2386"]
[PlyCount "93"]
[EventDate "2021.09.18"]
[EventType "team-tourn"]
[EventRounds "9"]
[EventCountry "NED"]
[SourceTitle "EXT 2023"]
[Source "ChessBase"]
[SourceDate "2022.10.05"]
[SourceVersion "1"]
[SourceVersionDate "2022.10.05"]
[SourceQuality "1"]
[WhiteTeam "Groningen Combinatie"]
[BlackTeam "Den Bosch HMC"]
[WhiteTeamCountry "NED"]
[BlackTeamCountry "NED"]

1. e4 e5 2. Bc4 Nf6 3. d3 Bc5 4. Nf3 d6 5. c3 c6 6. 0-0 Bb6 7. Re1 0-0 8. Bg5 Qe7 9. Nbd2 Be6 10. d4 Nbd7 11. a4 h6 12. Bh4 Bxc4 13. Nxc4 Bc7 14. a5 Qe6 15. Qa4 Rfe8 16. Rad1 Nxe4 17. Rxe4 d5 18. Rxe5 Nxe5 19. Ncxe5 g5 20. Bg3 f5 21. h3 f4 22. Bh2 Re7 23. a6 b5 24. Qc2 Rg7 25. Re1 Rf8 26. Nd3 Qf5 27. Qe2 h5 28. Nfe5 Bxe5 29. dxe5 Re7 30. h4 c5 31. hxg5 Rfe8 32. Qf3 c4 33. Qxd5+ Kh7 34. g6+ Qxg6 35. Nxf4 Rxe5 36. Qb7+ Kg8 37. Rf1 Qf5 38. Nxh5 R5e7 39. Ng3 Rxb7 40. Nxf5 Rb6 41. g4 Rxa6 42. Rd1 Re2 43. Rd7 Rxb2 44. Bd6 Re2 45. g5 b4 46. Bxb4 Rg6 47. Ne7+ 1-0

[Event "Dhaka Sheikh Russel op"]
[Site "Dhaka"]
[Date "2021.10.24"]
[Round "6"]
[White "Haznedaroglu, Kivanc"]
[Black "Tiviakov, Sergei"]
[Result "1-0"]
[WhiteElo "2438"]
[BlackElo "2600"]
[PlyCount "81"]
[EventDate "2021.10.19"]
[EventType "swiss"]
[EventRounds "9"]
[EventCountry "BAN"]
[SourceTitle "CBM 204 Extra"]
[Source "ChessBase"]
[SourceDate "2021.11.30"]
[SourceVersion "1"]
[SourceVersionDate "2021.11.30"]
[SourceQuality "1"]

1. d4 Nf6 2. c4 b6 3. Nc3 Bb7 4. Bf4 e6 5. a3 g6 6. e3 Bg7 7. h3 d6 8. Nf3 Nbd7 9. Be2 0-0 10. 0-0 Qe7 11. b4 Ne4 12. Nxe4 Bxe4 13. Rc1 e5 14. Bh2 Rad8 15. Qa4 exd4 16. exd4 c5 17. Rfe1 cxd4 18. Bd3 f5 19. Qxa7 Rfe8 20. Rcd1 Ra8 21. Qc7 Rac8 22. Qxd6 Qxd6 23. Bxd6 Bxf3 24. Rxe8+ Rxe8 25. gxf3 Be5 26. Bxe5 Nxe5 27. f4 Nxd3 28. Rxd3 Rd8 29. Kf1 Kf7 30. Ke2 Kf6 31. a4 g5 32. fxg5+ Kxg5 33. a5 bxa5 34. bxa5 Kf4 35. a6 Ke4 36. a7 Ra8 37. f3+ Ke5 38. Ra3 h5 39. Kd3 h4 40. f4+ Kxf4 41. Kxd4 1-0

[Event "Cheliabinsk Panchenko Memorial op-A"]
[Site "Cheliabinsk"]
[Date "2021.09.18"]
[Round "6"]
[White "Tiviakov, Sergei"]
[Black "Kostenko, Petr"]
[Result "1-0"]
[WhiteElo "2604"]
[BlackElo "2435"]
[PlyCount "83"]
[EventDate "2021.09.13"]
[EventType "swiss"]
[EventRounds "10"]
[EventCountry "RUS"]
[SourceTitle "CBM 204 Extra"]
[Source "ChessBase"]
[SourceDate "2021.11.30"]
[SourceVersion "1"]
[SourceVersionDate "2021.11.30"]
[SourceQuality "1"]

1. e4 e6 2. d4 d5 3. Nd2 c5 4. exd5 Qxd5 5. dxc5 Nf6 6. Nb3 Qxd1+ 7. Kxd1 Bd7 8. a4 Be7 9. Nf3 0-0 10. Bb5 Rc8 11. Ne5 Bxb5 12. axb5 Bxc5 13. Nd3 Be7 14. Be3 a6 15. c3 Nd5 16. Ke2 f6 17. Rhc1 Nxe3 18. fxe3 Nd7 19. bxa6 bxa6 20. Ra2 Rab8 21. Nd2 Rb6 22. Rca1 Nb8 23. Ra4 Rd8 24. Rd4 Rb5 25. Rxd8+ Bxd8 26. c4 Rg5 27. g3 Ra5 28. Rc1 Nc6 29. Nf3 e5 30. e4 Be7 31. Kd2 Nb4 32. Rd1 Nxd3 33. Kxd3 Rc5 34. Kc3 Rc7 35. Ra1 Rc6 36. b4 Kf7 37. c5 Ke6 38. Kc4 g6 39. g4 f5 40. exf5+ gxf5 41. Re1 Kf6 42. g5+ 1-0